000 00495nam a2200121Ia 4500
008 171212s9999 xx 000 0 und d
020 _a9780833093073
100 _aMartini, Jeffrey;Wasser, Becca;Kaye, Dalia Dassa;Egel, Daniel;Ogletree, Cordaye
245 _cMartini, Jeffrey;Wasser, Becca;Kaye, Dalia Dassa;Egel, Daniel;Ogletree, Cordaye
_aThe Outlook for Arab Gulf Cooperation
260 _bRAND Corporation
_c2016
650 _aHistory
856 _uhttp://jstor.org/stable/10.7249/j.ctt1djmhdz
999 _c352700
_d352700